المساحة الأرضية / (رقم التسجيلة. 31156)

تفاصيل مارك
000 -الفاتح
حقل البيانات ثابتة الطول 00655nam a22001937a 4500
003 - محدد رقم الضبط
رقم الضبط OSt
005 - وقت وتاريخ اخر تعامل مع التسجيلة
رقم الضبط 20150408114142.0
008 - عناصر البيانات ثابتة الطول - معلومات عامة
حقل البيانات ثابتة الطول 131009s 2013jo a | |||| 00| 0 ara d
040 ## - مصدر الفهرسة
وكالة الفهرسة الأصلية ma-un
082 ## - رقم تصنيف ديوى العشرى
رقم الطبعة 21
رقم التصنيف 526.9
رقم المادة د م م
100 ## - المدخل الرئيسى - إسم شخصى
الإسم الشخصى الدرايسية ، محمد عبدالله
9 (RLIN) 37568
245 ## - بيان العنوان
العنوان المساحة الأرضية /
بيان المسئوليه,etc محمد عبدالله الدرايسة .
250 ## - بيان الطبعة
بيان الطبعة ط. 1
260 ## - PUBLICATION, DISTRIBUTION, ETC. (IMPRINT)
مكان الناشر او الموزع عمان :
اسم الناشر او الموزع مكتبة المجتمع العربي ،
تاريخ النشر أو التوزيع 2013
300 ## - الوصف المادى
التعداد 148 ص :
تفاصيل ماديه اخرى للوعاء ايض ؛
أبعاد الوعاء 24 سم .
650 ## - المدخل الاضافى بالموضوع-مصطلح موضوعى
مصطلح موضوعي أو اسم جغرافي كعنصر مدخل المساحة الأرضية
9 (RLIN) 37569
650 ## - المدخل الاضافى بالموضوع-مصطلح موضوعى
مصطلح موضوعي أو اسم جغرافي كعنصر مدخل المساحة التصويرية
9 (RLIN) 19482
942 ## - عناصر المدخل الإضافي( كوها)
مصدر التصنيف او مخطط الترفيف Dewey Decimal Classification
Koha [default] item type كتاب
المقتنيات
حالة الفقد نموذج السعر الفعال حالة تلف ليس للاعارة رقم الطلب تاريخ الاكتساب الموقع الحالي الباركود الفرع الرئيسي Date last seen نوع المادة فى نظام كوها مصدر التصنيف او خطة الترفيف Total Checkouts
  2013-10-09     526.9 د م م 2013-10-09 المكتبة المركزية بالمجمعة (CL) 00600005 المكتبة المركزية بالمجمعة (CL) 2013-10-09 كتاب Dewey Decimal Classification  
  2013-10-09     526.9 د م م 2013-10-09 المكتبة المركزية بالمجمعة (CL) 00600006 المكتبة المركزية بالمجمعة (CL) 2013-10-09 كتاب Dewey Decimal Classification  
  2013-10-09     526.9 د م م 2013-10-09 المكتبة المركزية بالمجمعة (CL) 00600007 المكتبة المركزية بالمجمعة (CL) 2013-10-09 كتاب Dewey Decimal Classification  
  2013-10-09     526.9 د م م 2013-10-09 قسم الاجراءات الفنية (IC) 00600010 قسم الاجراءات الفنية (IC) 2013-10-09 كتاب Dewey Decimal Classification  
  2013-10-09     526.9 د م م 2013-10-09 قسم الاجراءات الفنية (IC) 00600061 قسم الاجراءات الفنية (IC) 2013-10-09 كتاب Dewey Decimal Classification  
  2013-10-09     526.9 د م م 2013-10-09 مكتبة كلية العلوم و الدراسات الإنسانية برماح - طلاب (SRM) 00600012 مكتبة كلية العلوم و الدراسات الإنسانية برماح - طلاب (SRM) 2013-10-09 كتاب Dewey Decimal Classification  
  2013-10-09     526.9 د م م 2013-10-09 مكتبة مجمع الكليات بالزلفى - طلاب (SZM) 00600008 مكتبة مجمع الكليات بالزلفى - طلاب (SZM) 2013-10-09 كتاب Dewey Decimal Classification  
  2013-10-09     526.9 د م م 2013-10-09 مكتبة مجمع الكليات بالزلفى - طلاب (SZM) 00600009 مكتبة مجمع الكليات بالزلفى - طلاب (SZM) 2013-10-09 كتاب Dewey Decimal Classification